Tied Pubs (Scotland) Act 2021 (Record no. 122142)

MARC details
000 -LEADER
fixed length control field 01006nad a22002535a 4500
008 - FIXED-LENGTH DATA ELEMENTS--GENERAL INFORMATION
fixed length control field 250422s2021 stk f s000 0 eng d
041 0# - LANGUAGE CODE
Language code of text/sound track or separate title eng
110 2# - MAIN ENTRY--CORPORATE NAME
Corporate name or jurisdiction name as entry element Scottish Government
Form subheading Laws, etc
9 (RLIN) 6043
245 04 - TITLE STATEMENT
Title Tied Pubs (Scotland) Act 2021
Medium [electronic resource]
260 ## - PUBLICATION, DISTRIBUTION, ETC.
Place of publication, distribution, etc. Edinburgh
Name of publisher, distributor, etc. Scottish Government
Date of publication, distribution, etc. 2021
490 #0 - SERIES STATEMENT
Series statement Scottish Act
Volume/sequential designation 2021
490 #0 - SERIES STATEMENT
Series statement Scottish Pubs Code Adjudicator
520 ## - SUMMARY, ETC.
Summary, etc. An Act of the Scottish Parliament to establish a Scottish Pubs Code to govern the relationship between tenants and owners of tied pubs; to establish the office of Scottish<br/>Pubs Code Adjudicator; and for connected purposes.
521 ## - TARGET AUDIENCE NOTE
Target audience note Advanced
650 24 - SUBJECT ADDED ENTRY--TOPICAL TERM
Topical term or geographic name entry element TIED PUBS
650 24 - SUBJECT ADDED ENTRY--TOPICAL TERM
Topical term or geographic name entry element Tied Pubs (Scotland) Act 2021
650 24 - SUBJECT ADDED ENTRY--TOPICAL TERM
Topical term or geographic name entry element PUBLIC HOUSES
650 24 - SUBJECT ADDED ENTRY--TOPICAL TERM
Topical term or geographic name entry element LEISURE PROPERTY
650 24 - SUBJECT ADDED ENTRY--TOPICAL TERM
Topical term or geographic name entry element COMMERCIAL PROPERTY
651 #4 - SUBJECT ADDED ENTRY--GEOGRAPHIC NAME
Geographic name Scotland
690 ## - LOCAL SUBJECT ADDED ENTRY--TOPICAL TERM (OCLC, RLIN)
Topical term or geographic name as entry element Landlord and tenant
9 (RLIN) 6252
856 40 - ELECTRONIC LOCATION AND ACCESS
Uniform Resource Identifier <a href="https://www.legislation.gov.uk/asp/2021/17/enacted/data.pdf">https://www.legislation.gov.uk/asp/2021/17/enacted/data.pdf</a>
Public note Act as enacted
942 ## - ADDED ENTRY ELEMENTS (KOHA)
Suppress in OPAC 0
Source of classification or shelving scheme Dewey Decimal Classification
Holdings
Withdrawn status Lost status Damaged status Not for loan Home library Current library Shelving location Date acquired Total Checkouts Full call number Date last seen Price effective from Koha item type
        Virtual Virtual Online 22/04/2025   LEGISLATION 22/04/2025 22/04/2025 Online material